000 00623cam a22002173a 4500
001 40551
003 PGUSA
005 20140828083915.0
008 120821s2012||||xxu|||||s|||||000 | eng d
040 _aPGUSA
_beng
042 _adc
100 1 _aScheff, Werner,
_d1888-1947
245 1 0 _aJuan Fernandez; la débâcle impériale
_h[electronic resource] /
_cWerner Scheff
260 _bProject Gutenberg,
_c2012
506 _aPublic domain in the USA.
516 _aElectronic text
700 1 _aSchacher, Charles
830 0 _aProject Gutenberg
_v40551
856 4 0 _uhttp://www.gutenberg.org/ebooks/40551
942 _cEB
999 _c269804
_d269804